[Девет] 9 милиметра (Запис номер 71422)
[ съкратено ]
| 000 -Лидер | |
|---|---|
| Контролно поле с фиксирана дължина | 02035nam a2200409 c 4500 |
| 003 - Код на организацията, давaща контролен номер | |
| Контролно поле | BLK |
| 005 - Дата и час на последна редакция | |
| Контролно поле | 20231102155355.0 |
| 008 - Елементи от данни с фиксирана дължина | |
| fixed length control field | 180408b bul|||||r ||||||| ||bul|| |
| 010 ## - Наследен системен номер | |
| LC control number | KNG00075791000 |
| 020 ## - Международен стандартен номер на книга ISBN | |
| Международен стандартен номер на книга ISBN | 978-954-411-138-0 |
| -- | издат.: 168 часа |
| 040 ## - Източник на каталожния запис | |
| Идентификатор на билиотеката - собственик на записа | BLK |
| 041 ## - Код за език | |
| Код за езика на текст/звукозапис или на отделно заглавие | Български |
| Код за езика КДБФ | Български |
| 080 ## - УДК | |
| Текстов определител УДК | Специална част на наказателното право. Видове наказуеми действия - Срещу собствена или чужда държава и управлението, политически престъпления,геноцид(прав.аспекти), наркотрафик, против мира, обществен |
| УДК код - определител по УДК | 343.3/.7 |
| УДК определител | (497.2)(0:82-9) |
| УДК - код + определител | 343.3/.7(497.2)(0:82-9) |
| 080 ## - УДК | |
| Текстов определител УДК | Вътрешна политика. Вж и 329 |
| УДК код - определител по УДК | 323 |
| УДК определител | (497.2)(0:82-9) |
| УДК - код + определител | 323(497.2)(0:82-9) |
| 080 ## - УДК | |
| Текстов определител УДК | Българска литература |
| УДК код - определител по УДК | 821.163.2 |
| УДК определител | -94 |
| УДК - код + определител | 821.163.2-94 |
| 100 1# - Редна дума - Автор | |
| Автор | Ангелов, Слави |
| Авторска отговорност | първи автор |
| R(LIN) | 292846 |
| 139 ## - Редно поле | |
| Редна дума | Ангелов, Слави |
| Авторски знак | Ан - А 64 |
| 245 10 - Сведения за заглавието | |
| Заглавие | [Девет] 9 милиметра |
| Подзаглавни данни | Истинската история на бълг. мафия : Док. разследване |
| Редно поле (дума) | Слави Ангелов. |
| 257 ## - Страна на издаване | |
| Страна на създаване/издаване | България |
| 260 ## - Област на издателските данни | |
| -- | София |
| Име на издателя, разпространителя и проч. | 168 часа |
| Година на издаване | 2007 |
| 300 ## - Физическа характеристика | |
| Страници | 240 с. |
| Размери/Мащаб | 21 см |
| 380 ## - Жанр | |
| Жанр | Худож. лит. |
| 500 ## - Общи забележки | |
| Забележка | Прил. на в. 24 часа. - Офс. изд. |
| 650 #4 - Допълнително описание по предмет – тема | |
| Основно описание – тема или топоним | Мафия - България |
| 9 (RLIN) | 250884 |
| 650 #4 - Допълнително описание по предмет – тема | |
| Основно описание – тема или топоним | Организирана престъпност - България |
| 9 (RLIN) | 277782 |
| 650 #4 - Допълнително описание по предмет – тема | |
| Основно описание – тема или топоним | Престъпления и престъпници - България |
| 9 (RLIN) | 271494 |
| 651 #4 - Допълнително описание по предмет - топоним | |
| Географско понятие | България |
| 9 (RLIN) | 241624 |
| 653 ## - Ключова дума – ненормативна | |
| Ключова дума | мафия |
| 653 ## - Ключова дума – ненормативна | |
| Ключова дума | организирана престъпност |
| 653 ## - Ключова дума – ненормативна | |
| Ключова дума | вътрешна политика |
| 852 ## - Местоположение | |
| Форматна сигнатура | Цб 234410 |
| 856 4# - Електронен адрес и достъп | |
| Електронен формат | pdf - файл |
| Път до файла /url/ | |
| 856 4# - Електронен адрес и достъп | |
| Електронен формат | pdf - файл |
| Път до файла /url/ | |
| 942 ## - АРТИКУЛИ | |
| Вид на библиотечния материал | Книги |
| Скрит в OPAC | Не |
| Koha issues (borrowed), all copies | 16 |
| 944 ## - СЪЗДАВАНЕ И РЕДАКЦИЯ на ЗАПИСА | |
| Създаване/Редакция | Създаване |
| Дата на регистрацията/редакция | 19.06.2007 |
| Статус, дата на статуса | Кръстинка Христова |
| Служител, извършил регистрацията/редакцията | 30539 |
| 944 ## - СЪЗДАВАНЕ И РЕДАКЦИЯ на ЗАПИСА | |
| Създаване/Редакция | Редакция |
| Дата на регистрацията/редакция | 15.12.2012 |
| Статус, дата на статуса | ф / |
| Служител, извършил регистрацията/редакцията | |
| 999 ## - СИСТЕМНИ КОНТРОЛНИ НОМЕРА | |
| Koha biblionumber | 71422 |
| Koha biblioitemnumber | 71422 |
| Код за отписване | Код за изгубен артикул | Код за повреда | Коз за рестрикции | Код за отдаване | Артикулен № | Име на библиотеката - собственик | Име на библиотеката, в която се намира в момента | Статус (Текущо местоположение) | Дата на вписване в системата | Местоположение - отдел | Цена в лева | Инвентарен номер | Систематично азбучна сигнатура | Баркод | Номер на екземпляра | Цена в евро | Служебна бележка | Служебен тип на артикула | Източник на класификационната схема |
|---|---|---|---|---|---|---|---|---|---|---|---|---|---|---|---|---|---|---|---|
| Не е изгубен | Не е повреден | без рестрикции | заемане за дома | 116588 | Регионална библиотека "Любен Каравелов" Русе | Регионална библиотека "Любен Каравелов" Русе | Заемна - подръчен фонд | 2007-06-19 | Заемна - подръчен фонд | 8.00 | 120000714649 | П 343(497.2)/А 64 | 120000714649 | 1 | 4.09 | Дост: Pk Вид: Ф N: 140 Дата: 19.06.2007 Дата инв: 02.02.2018 Бележки инв: П2018 | Книги | ||
| Изтеглен | Не е изгубен | Не е повреден | без рестрикции | заемане за дома | 116589 | Регионална библиотека "Любен Каравелов" Русе | Регионална библиотека "Любен Каравелов" Русе | Заемна - подръчен фонд | 2007-09-27 | Заемна - подръчен фонд | 8.46 | 120000717433 | П 343(497.2)/А 64 | 120000717433 | 2 | 4.33 | Дост: Pk Вид: Ф N: 146 Дата: 27.09.2007 Дата инв: 02.02.2018 Бележки инв: П2018 | Книги | |
| Не е изгубен | Не е повреден | без рестрикции | ползва се в читалня | 116590 | Регионална библиотека "Любен Каравелов" Русе | Регионална библиотека "Любен Каравелов" Русе | Хранилище | 2008-01-23 | Хранилище | 8.00 | 120000722369 | Цб 234410 | 120000722369 | 3 | 4.09 | Дост: Dp Вид: Д N: 41 Дата: 20.09.2007 | Книги | ||
| Не е изгубен | Не е повреден | без рестрикции | заемане за дома | 116591 | Регионална библиотека "Любен Каравелов" Русе | Регионална библиотека "Любен Каравелов" Русе | Заемна - подръчен фонд | 2012-11-28 | Заемна - подръчен фонд | 5.50 | 120000761986 | П 343(497.2)/А 64 | 120000761986 | 4 | 2.81 | Дост: Pk Вид: Ф N: 324 Дата: 19.11.2012 Дата инв: 28.01.2015 Бележки инв: П2015 | Книги | Universal Decimal Classification | |
| Не е изгубен | Не е повреден | без рестрикции | заемане за дома | 116592 | Регионална библиотека "Любен Каравелов" Русе | Регионална библиотека "Любен Каравелов" Русе | Заемна - подръчен фонд | 2012-11-28 | Заемна - подръчен фонд | 5.50 | 120000761987 | П 343(497.2)/А 64 | 120000761987 | 5 | 2.81 | Дост: Pk Вид: Ф N: 324 Дата: 19.11.2012 Дата инв: 13.02.2018 Бележки инв: П2018 | Книги |